000 00805nam a2200217 i 4500
001 28272
003 ES-MaACL
005 20251012063041.0
007 t|
008 030116s1951 sp ||||1| spa d
080 _a929 Ali Bey el Abbassi
100 1 _aRodríguez de la Peña, H.,
_d1886-1952
_998451
245 1 0 _aViajes de Ali Bey El Abbasi /
_cJulio Romano (seud).
260 _aMadrid :
_bConsejo Superior de Investigaciones Cientificas, Instituto de Estudios Africanos,
_c1951 (
_fAres)
300 _a117 p. :
_bil. ;
_c24 cm.
500 _aPrecede al tít.: Consejo Superior de Investigaciones Científicas.
600 1 4 _aAli Bey el Abbassi,
_d1767-1822
_919912
710 2 _aInstituto de Estudios Africanos.
_94881
852 _aES-MaACL
_jD-7596
_bR.31229
999 _c28272
_d28272